|
|
|
|
| LEADER |
01258nam a2200325 a 4500 |
| 001 |
41359 |
| 003 |
BD-DhAAL |
| 005 |
20230716104142.0 |
| 008 |
230716t1987 bg b 001 0 eng d |
| 010 |
|
|
|a 87905202
|
| 020 |
|
|
|c Tk180.00
|
| 025 |
|
|
|a B E 5030
|
| 040 |
|
|
|a DLC
|c DLC
|d DLC
|d BD-DhAAL
|
| 043 |
|
|
|a a-bg---
|
| 050 |
0 |
0 |
|a HG5740.6.A3
|b R49 1987
|
| 082 |
0 |
0 |
|a 332.6731495492
|2 23
|
| 100 |
1 |
|
|a Reza, Sadrel.
|
| 245 |
1 |
0 |
|a Private foreign investment in Bangladesh /
|c Sadrel Reza, A.H.M. Mahbubul Alam, M. Ali Rashid.
|
| 260 |
|
|
|a Dhaka, Bangladesh :
|b University Press,
|c 1987.
|
| 300 |
|
|
|a xi, 184 pages ;
|c 22 cm.
|
| 504 |
|
|
|a Includes bibliographical references (pages [180]-182).
|
| 541 |
|
|
|a Donated By Akbar Ali Khan
|e 41359
|
| 650 |
|
0 |
|a Investments, Foreign
|z Bangladesh.
|
| 650 |
|
0 |
|a Business enterprises
|z Bangladesh
|x Finance.
|9 55067
|
| 700 |
2 |
|
|a Mahbubul Alam, A. H. M.
|9 55068
|
| 700 |
1 |
|
|a Rashid, M. Ali
|q (Mohammed Ali)
|9 55069
|
| 852 |
|
|
|a Ayesha Abed Library
|c Akbar Ali Khan Collection
|
| 942 |
|
|
|2 ddc
|c BK
|
| 999 |
|
|
|c 45971
|d 45971
|
| 952 |
|
|
|0 0
|1 0
|2 ddc
|4 0
|6 332_673149549200000_REZ
|7 1
|9 73952
|a BRACUL
|b BRACUL
|c AAKC
|d 2023-07-16
|e Donated By Akbar Ali Khan
|g 180.00
|l 0
|o 332.6731495492 REZ
|p 3010041359
|r 2023-07-16
|t 1
|w 2023-07-16
|y BK
|